[Event "Novosibirsk Sukharev Memorial Seniors"]
[Site "Novosibirsk"]
[Date "2012.07.26"]
[Round "9"]
[White "Romanov, Viktor"]
[Black "Gavrilov, Gennady"]
[Result "1/2-1/2"]
[WhiteElo "1977"]
[BlackElo "2091"]
[PlyCount "107"]
[EventDate "2012.07.18"]
[EventType "swiss"]
[EventRounds "9"]
[EventCountry "RUS"]
[SourceTitle "EXT 2014"]
[Source "ChessBase"]
[SourceDate "2013.11.20"]
[SourceVersion "1"]
[SourceVersionDate "2013.11.20"]
[SourceQuality "1"]

1. d4 Nf6 2. c4 e6 3. Nc3 d5 4. e3 c6 5. Nf3 Bd6 6. Qc2 Nbd7 7. Bd3 0-0 8. 0-0 e5 9. cxd5 cxd5 10. dxe5 Nxe5 11. Nxe5 Bxe5 12. h3 Bd7 13. Bd2 Rc8 14. Qd1 Qb6 15. Rb1 Rfd8 16. Qe2 Bc6 17. Rfd1 d4 18. exd4 Bxd4 19. Be3 Bxe3 20. Qxe3 Qxe3 21. fxe3 Nd5 22. Nxd5 Bxd5 23. Bf5 Rb8 24. b3 g6 25. Bg4 Be4 26. Rxd8+ Rxd8 27. Rb2 Kg7 28. Bf3 Bxf3 29. gxf3 Kf6 30. Kf2 Rd7 31. Rc2 h5 32. Ke2 Kg5 33. Rc4 f5 34. h4+ Kf6 35. f4 Ke6 36. Ra4 a6 37. Rc4 Rd6 38. b4 b5 39. Rc5 Kf7 40. Rc8 Ke6 41. Rc3 Ke7 42. Rc7+ Ke6 43. Rc5 Kf6 44. Rc3 Ke6 45. Rc5 Kd7 46. Rc3 Ke6 47. Rc8 Kd7 48. Rc3 Ke6 49. Rc1 Ke7 50. Rc3 Kf6 51. Rc5 Kg7 52. Rc3 Kf6 53. Rc7 Ke6 54. Rc3 1/2-1/2

[Event "Novosibirsk Sukharev Memorial Seniors"]
[Site "Novosibirsk"]
[Date "2012.07.24"]
[Round "7"]
[White "Romanov, Viktor"]
[Black "Volkov, Petr"]
[Result "1-0"]
[WhiteElo "1977"]
[BlackElo "2114"]
[PlyCount "47"]
[EventDate "2012.07.18"]
[EventType "swiss"]
[EventRounds "9"]
[EventCountry "RUS"]
[SourceTitle "EXT 2014"]
[Source "ChessBase"]
[SourceDate "2013.11.20"]
[SourceVersion "1"]
[SourceVersionDate "2013.11.20"]
[SourceQuality "1"]

1. d4 d5 2. c4 e6 3. e3 c6 4. Nc3 Nf6 5. Nf3 Bd6 6. Bd3 dxc4 7. Bxc4 Qa5 8. 0-0 0-0 9. Bd2 Qh5 10. Re1 b5 11. Bd3 b4 12. Ne2 Ba6 13. Bxa6 Nxa6 14. Qa4 Qb5 15. Qxb5 cxb5 16. Rec1 Rfc8 17. h3 Ne4 18. Be1 Rc4 19. b3 Rc7 20. Rxc7 Nxc7 21. Rc1 f6 22. Nd2 Nxd2 23. Bxd2 Kf8 24. Bxb4 1-0

[Event "Novosibirsk Sukharev Memorial Seniors"]
[Site "Novosibirsk"]
[Date "2012.07.18"]
[Round "1"]
[White "Romanov, Viktor"]
[Black "Pshenichnikov, Valerij"]
[Result "0-1"]
[WhiteElo "1977"]
[BlackElo "1719"]
[PlyCount "108"]
[EventDate "2012.07.18"]
[EventType "swiss"]
[EventRounds "9"]
[EventCountry "RUS"]
[SourceTitle "EXT 2014"]
[Source "ChessBase"]
[SourceDate "2013.11.20"]
[SourceVersion "1"]
[SourceVersionDate "2013.11.20"]
[SourceQuality "1"]

1. d4 d5 2. c4 c6 3. Nf3 Nf6 4. e3 Bf5 5. Bd3 Ne4 6. 0-0 e6 7. cxd5 exd5 8. a3 Bd6 9. Nc3 Nd7 10. Qc2 Qe7 11. b4 Bg6 12. Bb2 Ndf6 13. b5 c5 14. dxc5 Nxc5 15. Bxg6 hxg6 16. Rfd1 Qe6 17. Rd4 Qf5 18. Qxf5 gxf5 19. Rad1 Nce4 20. Nxd5 Ng4 21. Nf4 Bxf4 22. exf4 Ngxf2 23. Re1 0-0 24. Re2 Ng4 25. h3 Ngf6 26. g4 fxg4 27. hxg4 Nc5 28. Rc4 b6 29. Bxf6 gxf6 30. Nd4 Rfe8 31. Rxe8+ Rxe8 32. Nc6 Re3 33. a4 Rg3+ 34. Kf2 Rxg4 35. Nxa7 Nd3+ 36. Kf3 Ne5+ 37. fxe5 Rxc4 38. exf6 Kf8 39. Ke3 Ke8 40. Kd3 Rc5 41. Kd4 Kd7 42. Nc6 Rf5 43. Ne5+ Ke8 44. Kd5 Rxf6 45. Nc4 Kd7 46. a5 bxa5 47. Nxa5 Kc7 48. Nc4 Rf5+ 49. Ke4 Rxb5 50. Ne5 f6 51. Nf7 Kd7 52. Kf4 Ke7 53. Nh6 Ke6 54. Ng8 Rb4+ 0-1

[Event "Novosibirsk Sukharev Memorial op"]
[Site "Novosibirsk"]
[Date "2011.07.25"]
[Round "9"]
[White "Vshivkov, Vitaly"]
[Black "Romanov, Viktor"]
[Result "1-0"]
[WhiteElo "1833"]
[BlackElo "1962"]
[PlyCount "121"]
[EventDate "2011.07.18"]
[EventType "swiss"]
[EventRounds "9"]
[EventCountry "RUS"]
[SourceTitle "EXT 2012"]
[Source "ChessBase"]
[SourceDate "2011.11.24"]
[SourceVersion "1"]
[SourceVersionDate "2011.11.24"]
[SourceQuality "1"]

1. d4 d5 2. c4 c6 3. Nc3 Nf6 4. Nf3 e6 5. Bg5 Be7 6. e3 0-0 7. Bd3 dxc4 8. Bxc4 Nbd7 9. 0-0 Nd5 10. Bxe7 Qxe7 11. Nxd5 exd5 12. Bd3 h6 13. Qc2 Re8 14. Rac1 Qd6 15. Rfe1 Nf6 16. h3 Bd7 17. Ne5 Rac8 18. b4 Be6 19. a3 Nd7 20. Nf3 Nf8 21. Qe2 Rc7 22. Rc3 Rce7 23. Rec1 a6 24. Bb1 g6 25. Nh4 Kg7 26. Nf3 Bf5 27. Bxf5 gxf5 28. Nh4 Qf6 29. Qh5 Re6 30. Nxf5+ Kh7 31. Ng3 Nd7 32. Ne2 Qg6 33. Qf3 Qf6 34. Nf4 Re4 35. g3 Nb6 36. Qd1 Nc4 37. Qc2 Kh8 38. Kg2 Qg5 39. Kh2 f5 40. Qd1 Rg8 41. Qh5 Nd2 42. Kg2 Nc4 43. Qxg5 hxg5 44. Nd3 f4 45. Nc5 Re7 46. e4 Nd2 47. e5 Ne4 48. Nxe4 dxe4 49. Re1 f3+ 50. Kh2 g4 51. hxg4 Kg7 52. Rxe4 Kf7 53. Rf4+ Ke6 54. Rf6+ Kd7 55. a4 Kc7 56. b5 axb5 57. axb5 Rd7 58. bxc6 Rxd4 59. Rf7+ Kb8 60. Rxb7+ Kc8 61. Ra3 1-0

[Event "Novosibirsk Sukharev Memorial op"]
[Site "Novosibirsk"]
[Date "2011.07.23"]
[Round "6"]
[White "Dolgusheva, Izabella"]
[Black "Romanov, Viktor"]
[Result "1/2-1/2"]
[WhiteElo "2136"]
[BlackElo "1962"]
[PlyCount "130"]
[EventDate "2011.07.18"]
[EventType "swiss"]
[EventRounds "9"]
[EventCountry "RUS"]
[SourceTitle "EXT 2012"]
[Source "ChessBase"]
[SourceDate "2011.11.24"]
[SourceVersion "1"]
[SourceVersionDate "2011.11.24"]
[SourceQuality "1"]

1. d4 Nf6 2. c4 e6 3. Nf3 d5 4. g3 c6 5. Qc2 Bb4+ 6. Bd2 Bxd2+ 7. Nbxd2 Nbd7 8. Bg2 0-0 9. 0-0 b6 10. Rfd1 Bb7 11. e4 dxe4 12. Ng5 g6 13. Ngxe4 Nxe4 14. Nxe4 Nf6 15. Ng5 Re8 16. c5 Qc7 17. Nf3 Rad8 18. Ne5 b5 19. a4 a6 20. axb5 axb5 21. Ra7 Nd5 22. Ng4 Ra8 23. Rxa8 Rxa8 24. Qd2 h5 25. Ne5 Kg7 26. h4 Qe7 27. Re1 Qf6 28. Nf3 Ra2 29. Ng5 Bc8 30. Ne4 Qd8 31. Nd6 Bd7 32. Re5 Qa5 33. Qe2 Qb4 34. Bf3 Qxb2 35. Qxb2 Rxb2 36. Re1 Ra2 37. Bxd5 cxd5 38. Rb1 Ra4 39. Rxb5 Bxb5 40. Nxb5 Rb4 41. Nd6 Rxd4 42. c6 Rd1+ 43. Kg2 Rc1 44. c7 e5 45. c8Q Rxc8 46. Nxc8 f5 47. Kf3 Kf6 48. Nb6 d4 49. Nd7+ Ke6 50. Nf8+ Kf7 51. Nh7 Ke6 52. Ke2 e4 53. Nf8+ Kf7 54. Nd7 Ke6 55. Nf8+ Kf7 56. Nh7 Ke6 57. Ng5+ Kd5 58. f3 Ke5 59. Nf7+ Ke6 60. Ng5+ Kd5 61. Nh3 Ke6 62. Nf4+ Kf6 63. Nh3 Ke5 64. Kf2 Ke6 65. Ke2 Ke5 1/2-1/2

[Event "Novosibirsk Sukharev Memorial op"]
[Site "Novosibirsk"]
[Date "2011.07.18"]
[Round "1"]
[White "Romanov, Viktor"]
[Black "Bublei, Pavel"]
[Result "0-1"]
[WhiteElo "1962"]
[BlackElo "2301"]
[PlyCount "78"]
[EventDate "2011.07.18"]
[EventType "swiss"]
[EventRounds "9"]
[EventCountry "RUS"]
[SourceTitle "EXT 2012"]
[Source "ChessBase"]
[SourceDate "2011.11.24"]
[SourceVersion "1"]
[SourceVersionDate "2011.11.24"]
[SourceQuality "1"]

1. d4 Nf6 2. c4 c5 3. d5 e6 4. Nc3 exd5 5. cxd5 Bd6 6. Nf3 Qe7 7. Bg5 Na6 8. e3 Bc7 9. Be2 d6 10. 0-0 0-0 11. a3 Bd7 12. Rb1 Rfc8 13. Bd3 h6 14. Bh4 Bd8 15. Nd2 Qf8 16. Bg3 Rab8 17. Bb5 Nc7 18. Bxd7 Nxd7 19. Nce4 Ne8 20. Qa4 Nb6 21. Qd1 Qe7 22. Nc3 Nd7 23. Re1 b5 24. e4 Ne5 25. Bxe5 dxe5 26. Ne2 Nd6 27. g3 c4 28. Kg2 a5 29. f4 b4 30. fxe5 Qxe5 31. Nf4 bxa3 32. bxa3 Rb2 33. Kh1 c3 34. Nf3 Nxe4 35. Qd4 Qxd4 36. Nxd4 Nf2+ 37. Kg2 Bb6 38. Nc6 Ng4+ 39. Kf1 Nxh2# 0-1

[Event "Novosibirsk AS-90 Seniors op"]
[Site "Novosibirsk"]
[Date "2010.11.05"]
[Round "1.12"]
[White "Golman, Boris"]
[Black "Romanov, Viktor"]
[Result "1-0"]
[WhiteElo "1939"]
[BlackElo "1986"]
[PlyCount "143"]
[EventDate "2010.11.05"]
[EventType "swiss"]
[EventRounds "9"]
[EventCountry "RUS"]
[SourceTitle "EXT 2022"]
[Source "ChessBase"]
[SourceDate "2021.10.06"]
[SourceVersion "1"]
[SourceVersionDate "2021.10.06"]
[SourceQuality "1"]

1. d4 Nf6 2. Nf3 e6 3. Bg5 d5 4. e3 Nbd7 5. Bd3 h6 6. Bf4 c5 7. c3 c4 8. Bc2 b5 9. Nbd2 Qb6 10. e4 dxe4 11. Nxe4 Bb7 12. Qe2 Nxe4 13. Bxe4 Nf6 14. Bxb7 Qxb7 15. 0-0 Be7 16. Ne5 0-0 17. Rfe1 Bd6 18. a3 a5 19. Bd2 Rfd8 20. h3 Rac8 21. Rac1 Kh7 22. f4 Bxe5 23. fxe5 Nd5 24. Qe4+ Kh8 25. Rf1 Rd7 26. Rf2 b4 27. axb4 axb4 28. Qh4 bxc3 29. bxc3 Ne7 30. Rxf7 Nf5 31. Rxd7 Qxd7 32. Qg4 Rb8 33. Qe4 Rb2 34. Be1 Qa7 35. Bf2 Ne7 36. Rf1 Nd5 37. Be1 Qe7 38. Rf3 Rb8 39. Qe2 Rb1 40. Kh2 g5 41. Bg3 Kg7 42. Qxc4 Rc1 43. Qc6 h5 44. Qd6 h4 45. Qxe7+ Nxe7 46. Bf2 Nd5 47. Be3 Nxe3 48. Rxe3 Kf7 49. g3 Rc2+ 50. Kg1 Ke7 51. gxh4 gxh4 52. Re4 Rxc3 53. Rxh4 Kd7 54. Kg2 Kc6 55. Rg4 Kd5 56. h4 Rc2+ 57. Kf3 Rc3+ 58. Ke2 Rh3 59. Rf4 Rh2+ 60. Kf3 Rd2 61. Kg4 Rg2+ 62. Kh5 Rg8 63. Kh6 Rg1 64. h5 Rg2 65. Kh7 Rg1 66. h6 Rg2 67. Kh8 Rg1 68. h7 Rg2 69. Rf8 Kxd4 70. Rg8 Rh2 71. Kg7 Kxe5 72. h8Q 1-0

[Event "Novosibirsk Region-ch sf"]
[Site "Novosibirsk"]
[Date "2010.10.23"]
[Round "8"]
[White "Romanov, Viktor"]
[Black "Klimov, Valery"]
[Result "1-0"]
[WhiteElo "1947"]
[BlackElo "1940"]
[PlyCount "95"]
[EventDate "2010.??.??"]
[EventType "swiss"]
[EventRounds "9"]
[EventCountry "RUS"]
[SourceTitle "EXT 2014"]
[Source "ChessBase"]
[SourceDate "2013.11.20"]
[SourceVersion "1"]
[SourceVersionDate "2013.11.20"]
[SourceQuality "1"]

1. d4 Nf6 2. c4 g6 3. Nc3 Bg7 4. e4 d6 5. f3 0-0 6. Be3 b6 7. Qd2 c5 8. 0-0-0 cxd4 9. Bxd4 Nc6 10. Be3 Ne8 11. Bh6 e5 12. h4 Nd4 13. Bxg7 Nxg7 14. Nge2 Nge6 15. Nxd4 Nxd4 16. Ne2 Be6 17. Nxd4 exd4 18. Qxd4 Rc8 19. Kb1 b5 20. h5 g5 21. h6 f6 22. Qxd6 Qxd6 23. Rxd6 Bxc4 24. Bxc4+ bxc4 25. Rd7 Rf7 26. Rhd1 Rc7 27. Rd8+ Rf8 28. R1d7 Rxd8 29. Rxc7 Rd2 30. Rxa7 Rxg2 31. Rg7+ Kf8 32. a4 Rh2 33. Rxh7 Kg8 34. Rc7 Rxh6 35. Rxc4 Kf7 36. a5 Ke6 37. Rc5 Kd6 38. b4 Rh3 39. Rf5 g4 40. Kc2 g3 41. Rxf6+ Ke5 42. Rg6 Kf4 43. a6 Kxf3 44. a7 Rh8 45. b5 Rc8+ 46. Kd3 Rd8+ 47. Kc4 Rc8+ 48. Kb4 1-0

[Event "Novosibirsk Seniors op"]
[Site "Novosibirsk"]
[Date "2010.10.02"]
[Round "8"]
[White "Nikitin, Gennady Sergeevich"]
[Black "Romanov, Viktor"]
[Result "0-1"]
[WhiteElo "2109"]
[BlackElo "1947"]
[PlyCount "98"]
[EventDate "2010.09.24"]
[EventType "swiss"]
[EventRounds "9"]
[EventCountry "RUS"]
[SourceTitle "EXT 2014"]
[Source "ChessBase"]
[SourceDate "2013.11.20"]
[SourceVersion "1"]
[SourceVersionDate "2013.11.20"]
[SourceQuality "1"]

1. e4 e6 2. d4 d5 3. Nc3 Nf6 4. e5 Nfd7 5. f4 c5 6. Nf3 Nc6 7. Be3 a6 8. Qd2 b5 9. dxc5 Bxc5 10. Bxc5 Nxc5 11. Bd3 Bb7 12. 0-0-0 Nxd3+ 13. Qxd3 Qc7 14. Kb1 Rc8 15. Rd2 Na5 16. Ne2 Nc4 17. Rdd1 a5 18. Nfd4 Ba6 19. b3 Rb8 20. Ka1 Na3 21. Rc1 0-0 22. Rhe1 Qb6 23. f5 b4 24. Qd2 Bxe2 25. Rxe2 Nb5 26. Nxb5 Qxb5 27. f6 gxf6 28. exf6 Kh8 29. Re3 Rg8 30. Rg3 Qc5 31. Qh6 Qf8 32. Qf4 Rc8 33. Kb1 Rc3 34. Rd1 Rcxg3 35. hxg3 Qb8 36. Qxb8 Rxb8 37. Rd3 h6 38. Kb2 Kh7 39. a3 Kg6 40. Rf3 d4 41. axb4 axb4 42. Kc1 e5 43. g4 Rc8 44. Kd2 Rc3 45. Rf5 Re3 46. Rh5 Kxf6 47. Rxh6+ Kg5 48. Rh7 Kg6 49. Rh8 Kg7 0-1

[Event "Novosibirsk Seniors op"]
[Site "Novosibirsk"]
[Date "2010.09.25"]
[Round "2"]
[White "Romanov, Viktor"]
[Black "Kuzin, Vladimir"]
[Result "1-0"]
[WhiteElo "1947"]
[BlackElo "2027"]
[PlyCount "81"]
[EventDate "2010.09.24"]
[EventType "swiss"]
[EventRounds "9"]
[EventCountry "RUS"]
[SourceTitle "EXT 2014"]
[Source "ChessBase"]
[SourceDate "2013.11.20"]
[SourceVersion "1"]
[SourceVersionDate "2013.11.20"]
[SourceQuality "1"]

1. d4 d5 2. c4 dxc4 3. Nc3 a6 4. a4 Nf6 5. e3 Bg4 6. Nf3 e6 7. Bxc4 Bb4 8. 0-0 0-0 9. Be2 Nc6 10. Bd2 Re8 11. Rc1 h6 12. h3 Bh5 13. Nh4 Bxe2 14. Qxe2 e5 15. dxe5 Nxe5 16. Nb1 Bf8 17. Rfd1 Qd7 18. b3 Qe6 19. Bc3 Qxb3 20. Nf3 Nc6 21. Bxf6 gxf6 22. Nc3 Rad8 23. Rxd8 Rxd8 24. Ne4 Qe6 25. Nc5 Bxc5 26. Rxc5 Rd5 27. Rc4 Qd6 28. g3 Ne5 29. Nxe5 Rxe5 30. Qg4+ Kh7 31. Rd4 Qf8 32. Qd1 c5 33. Rd8 Re8 34. Rd7 Rc8 35. Qb1+ Kg8 36. Qxb7 Rb8 37. Qxa6 Rb1+ 38. Kg2 Qe8 39. Qd3 Qe6 40. Rd8+ Kg7 41. Qxb1 1-0

[Event "Novosibirsk Seniors op"]
[Site "Novosibirsk"]
[Date "2010.09.24"]
[Round "1"]
[White "Popova, Adelanda"]
[Black "Romanov, Viktor"]
[Result "0-1"]
[WhiteElo "1632"]
[BlackElo "1947"]
[PlyCount "80"]
[EventDate "2010.09.24"]
[EventType "swiss"]
[EventRounds "9"]
[EventCountry "RUS"]
[SourceTitle "EXT 2014"]
[Source "ChessBase"]
[SourceDate "2013.11.20"]
[SourceVersion "1"]
[SourceVersionDate "2013.11.20"]
[SourceQuality "1"]

1. d4 Nf6 2. c4 g6 3. Nc3 d5 4. e3 Bg7 5. Nf3 0-0 6. Bd3 dxc4 7. Bxc4 c5 8. dxc5 Qa5 9. 0-0 Qxc5 10. Qb3 Nc6 11. Qb5 Qxb5 12. Bxb5 Bd7 13. a3 Rac8 14. Be2 Na5 15. Nd2 Be6 16. Rb1 a6 17. h3 Rc7 18. f4 b5 19. e4 Rd8 20. e5 Nd5 21. Nce4 Ne3 22. Rf3 Nf5 23. Rd3 Rdc8 24. Rc3 Nd4 25. Rxc7 Rxc7 26. Bd1 f6 27. exf6 exf6 28. Nf3 f5 29. Nxd4 Bxd4+ 30. Nf2 Ba2 31. Ra1 Nb3 32. Bxb3+ Bxb3 33. Bd2 Rc2 34. Bc3 Bxf2+ 35. Kh1 Bg3 36. Be5 Bd5 37. Rg1 g5 38. Bd4 gxf4 39. h4 f3 40. Rf1 fxg2+ 0-1

[Event "Novosibirsk Sept op"]
[Site "Novosibirsk"]
[Date "2010.09.22"]
[Round "9"]
[White "Vasiliev, Igor2222"]
[Black "Romanov, Viktor"]
[Result "0-1"]
[WhiteElo "1744"]
[BlackElo "1947"]
[PlyCount "76"]
[EventDate "2010.09.06"]
[EventType "swiss"]
[EventRounds "9"]
[EventCountry "RUS"]
[SourceTitle "CBM 138 Extra"]
[Source "ChessBase"]
[SourceDate "2010.10.29"]
[SourceVersion "1"]
[SourceVersionDate "2010.10.29"]
[SourceQuality "1"]

1. e4 c6 2. d4 d5 3. exd5 cxd5 4. Bd3 Nc6 5. c3 g6 6. Nf3 Nh6 7. Bg5 Bf5 8. 0-0 Bxd3 9. Qxd3 Qd7 10. Re1 f6 11. Bf4 Bg7 12. Nbd2 0-0 13. Re2 Rae8 14. Rae1 Nf7 15. Nb3 e5 16. dxe5 Ncxe5 17. Nxe5 Nxe5 18. Bxe5 Rxe5 19. Rxe5 fxe5 20. Rd1 Rd8 21. Nc5 Qc6 22. Nb3 b6 23. Nd2 a5 24. Rc1 Bh6 25. h3 b5 26. Re1 Re8 27. Nf1 Qc4 28. Qxc4 bxc4 29. Ne3 Bxe3 30. Rxe3 Kf7 31. Kf1 Ke6 32. f4 e4 33. g4 Rf8 34. b3 Rxf4+ 35. Ke2 Ke5 36. b4 axb4 37. cxb4 d4 38. Rg3 c3 0-1

[Event "Novosibirsk op"]
[Site "Novosibirsk"]
[Date "2010.06.06"]
[Round "3"]
[White "Klimov, Valery"]
[Black "Romanov, Viktor"]
[Result "1-0"]
[WhiteElo "1924"]
[BlackElo "1961"]
[PlyCount "97"]
[EventDate "2010.06.03"]
[EventType "swiss"]
[EventRounds "9"]
[EventCountry "RUS"]
[SourceTitle "CBM 136 Extra"]
[Source "ChessBase"]
[SourceDate "2010.07.02"]
[SourceVersion "2"]
[SourceVersionDate "2010.07.15"]
[SourceQuality "1"]

1. e4 d6 2. d4 Nf6 3. Nc3 g6 4. f3 c6 5. Be3 b5 6. Qd2 h5 7. h4 Bg7 8. Rd1 a6 9. Nh3 Qc7 10. Ng5 Nbd7 11. Ne2 Bb7 12. Nf4 0-0 13. g4 e5 14. dxe5 Nxe5 15. gxh5 gxh5 16. Qxd6 Qxd6 17. Rxd6 Rad8 18. Rxd8 Rxd8 19. Be2 Bc8 20. 0-0 Bf8 21. Rd1 Rxd1+ 22. Bxd1 Ng6 23. Nxg6 fxg6 24. Kf2 c5 25. Be2 Bd6 26. b3 Bd7 27. a3 Kf8 28. c4 Ke7 29. f4 Ng4+ 30. Bxg4 Bxg4 31. e5 Bc7 32. Bxc5+ Kd7 33. cxb5 axb5 34. Ke3 Kc6 35. Kd4 Bd1 36. b4 Bd8 37. e6 Bf6+ 38. Kd3 Bg4 39. e7 Kd7 40. Ke3 Bxg5 41. fxg5 Bd1 42. Kd4 Bb3 43. Ke5 Bc2 44. Kf6 Ke8 45. a4 bxa4 46. b5 Bd3 47. b6 Be4 48. Ke5 Bf3 49. Kd6 1-0

[Event "Novosibirsk April op"]
[Site "Novosibirsk"]
[Date "2010.04.12"]
[Round "9"]
[White "Stepanenko, Leonid"]
[Black "Romanov, Viktor"]
[Result "1-0"]
[WhiteElo "1857"]
[BlackElo "1969"]
[PlyCount "67"]
[EventDate "2010.04.02"]
[EventType "swiss"]
[EventRounds "9"]
[EventCountry "RUS"]
[SourceTitle "EXT 2011"]
[Source "ChessBase"]
[SourceDate "2010.11.26"]
[SourceVersion "1"]
[SourceVersionDate "2010.11.26"]
[SourceQuality "1"]

1. d4 d5 2. c4 Bf5 3. Nc3 e6 4. e3 Nf6 5. Nf3 Be7 6. cxd5 Nxd5 7. Bd3 Bxd3 8. Qxd3 0-0 9. 0-0 Nd7 10. a3 a6 11. e4 N5b6 12. Be3 Re8 13. Rfd1 Nf6 14. h3 c6 15. g4 h6 16. g5 hxg5 17. Nxg5 g6 18. e5 Nh5 19. Nxe6 Qd7 20. Ng5 Rad8 21. e6 fxe6 22. Qxg6+ Ng7 23. Nf7 Rc8 24. Ne5 Qc7 25. Qf7+ Kh7 26. Bh6 Bh4 27. Qg6+ Kg8 28. Kh1 Qe7 29. Rg1 Bf6 30. Ne4 Rf8 31. Nxf6+ Rxf6 32. Qxg7+ Qxg7 33. Rxg7+ Kh8 34. Nf7+ 1-0